[Event "HCL-B251"]
[Site "www.playchess.de"]
[Date "2001.03.22"]
[Round "10"]
[White "O_Man"]
[Black "Lycanth"]
[WhiteElo "1167"]
[BlackElo "1443"]
[PlyCount "85"]
[Result "1-0"]

1.e4 e5 2.Nf3 Nf6 3.Nc3 Bc5 4.Bc4 O-O 5.d4 exd4 
6.Nxd4 Bxd4 7.Qxd4 Nc6 8.Qd1 Nxe4 9.Nxe4 Re8 10.f3 
Qh4+ 11.Kf1 d6 12.Bg5 Qh5 13.Qe2 Bf5 14.Be3 Bxe4 
15.fxe4 Qe5 16.Bd3 Qxb2 17.Qe1 d5 18.Rb1 Qxa2 
19.Ra1 Qb2 20.Qb1 Qxb1+ 21.Rxb1 dxe4 22.Be2 b6 
23.g3 Rad8 24.Kg2 a5 25.Rhf1 f6 26.Bf4 Ne5 27.Rfd1 
Rxd1 28.Rxd1 c5 29.Rd6 Rb8 30.Bxe5 fxe5 31.Re6 b5 
32.Rxe5 c4 33.Rxe4 a4 34.Kf3 a3 35.Bf1 Rd8 36.Re1 
Rf8+ 37.Kg2 Kf7 38.c3 Ra8 39.Kf3 a2 40.Ra1 Ke6 
41.Ke2 Ke5 42.Kd2 Ke4 43.Bg2+ 1-0

[Event "HCL-C254"]
[Site "www.playchess.de"]
[Date "2001.03.22"]
[Round "2"]
[White "Natacuin"]
[Black "sander"]
[WhiteElo "1000"]
[BlackElo "1000"]
[PlyCount "21"]
[Result "1-0"]

1.e4 {¡Hola! Saludos desde Costa Rica}  e5 
{greetings from germany!}  2.Nf3 f6 3.Bc4 b6 4.Nc3 
Ba6 5.Bb3 Bc5 6.d4 exd4 7.Nxd4 {Hola, y Buen día, 
(Hello and good day)}  Nh6 {I'm a bloody newbie in 
chess... what about you?}  8.Bxh6 {Yo también, 
Too.}  gxh6 {I see ;)}  9.Qh5+ Ke7 10.Nf5+ Kf8 
11.Qf7+ 1-0

[Event "HCL-A113"]
[Site "www.playchess.de"]
[Date "2001.03.22"]
[Round "17"]
[White "easykiller"]
[Black "janus"]
[WhiteElo "1910"]
[BlackElo "1873"]
[PlyCount "78"]
[Result "0-1"]

1.d4 {Hi from Slovakia}  Nf6 {Hello from Germany ! 
Good luck and a thrilling game !!}  2.Nf3 g6 3.g3 
Bg7 4.Bg2 O-O 5.O-O d5 6.c4 dxc4 7.Qc2 b5 8.Ne5 c6 
9.Nxc6 Nxc6 {We are playing "rapid chess" - very 
good ;-)) !!}  10.Bxc6 Bf5 11.e4 {Yes, it is a 
"blitz"}  Rc8 12.exf5 Rxc6 13.fxg6 fxg6 {I am 
absend for a half hour}  14.Be3 {OK, I had a 
meeting now}  Qd7 {You play at work ?? Perhaps me 
too, but now Ihave a home-office.}  15.Nc3 {I do 
not have a PC at home}  Qh3 {I understand - and 
your boss is agreed ??}  16.f3 {He is on holiday}  
b4 {Ok - this fact we have to use *smile* !!}  
17.Ne4 {And I forgott, I am his deputy}  Nd5 
{That´s very funny :-)) !}  18.Qe2 Qf5 19.Kg2 a5 
20.Rac1 Nxe3+ 21.Qxe3 Qd5 22.Rfd1 Rd8 23.Ng5 Bf6 
24.h4 Rd7 {Good morning ! Are you fit to continue 
our thrilling game ?}  25.Qf4 {Hi, I am a little 
bit busy}  Kg7 {It´s no problem - move if you can 
!}  26.Rc2 e5 27.dxe5 Qxd1 28.exf6+ Rxf6 29.Qxc4 
h6 30.Ne4 Qxf3+ 31.Kh2 Rd1 32.Rg2 Qf1 33.Qc7+ Rf7 
34.Qe5+ Kh7 35.Kh3 Re1 36.Qd5 Rxe4 37.Qxe4 Qh1+ 
38.Kg4 h5+ 39.Kg5 Qc1+ 0-1

[Event "HCL-A113"]
[Site "www.playchess.de"]
[Date "2001.03.22"]
[Round "21"]
[White "Gruhni"]
[Black "janus"]
[WhiteElo "1249"]
[BlackElo "1873"]
[PlyCount "36"]
[Result "0-1"]

1.e4 {Hello from Frankfurt in Germany!}  Nc6 
{Hallo ! Dir viel Glück und uns eine spannende 
Partie !!}  2.Nf3 {Wünsche ich dir auch!}  e5 
{Vielen Dank ! Ich glaube, daß wir schon einmal 
miteinander gespielt haben - bin aber nicht sicher 
!}  3.Bc4 {ACL-047: Du hast mich im zehnten Zug 
mattgesetzt :-( Komischerweise wurd das Spiel 
nicht gewertet.}  Nf6 {Das geschieht hier nicht !! 
Spiele unter 10 Zügen kommen anscheinend nicht in 
die Wertung ?!}  4.d3 {Ja stimmt. Ich werde 
versuchen jetzt länger durchzuhalten ;-)}  d5 {Ok 
- dann spiele ich mal das offensive d5 statt des 
sicheren Le7}  5.exd5 {Tu das!}  Nxd5 {Auf die 
Abwicklung bin ich gespannt - spiele diese 
Variante das erste Mal.}  6.Bb5 Bd6 7.Bxc6+ bxc6 
8.Nc3 Nxc3 9.bxc3 O-O 10.h3 f5 11.O-O e4 12.dxe4 
fxe4 13.Ng5 Bf5 14.f3 Bc5+ 15.Kh1 Qxd1 16.Rxd1 e3 
17.Ne4 Bxe4 18.fxe4 e2 0-1

[Event "HCL-B107"]
[Site "www.playchess.de"]
[Date "2001.03.22"]
[Round "3"]
[White "Bauernopfer"]
[Black "Gruhni"]
[WhiteElo "1114"]
[BlackElo "1418"]
[PlyCount "39"]
[Result "1/2-1/2"]

1.e4 e5 2.Nf3 Nc6 3.Bb5 Nf6 4.d3 d6 5.Bxc6+ bxc6 
6.Nc3 Bg4 7.h3 Bh5 8.Be3 Bxf3 9.Qxf3 d5 10.Qf5 Bd6 
11.Bg5 d4 12.Ne2 h6 13.Bxf6 Qxf6 14.Qxf6 gxf6 
15.O-O O-O-O 16.a3 Rhg8 17.f3 Rg6 18.Kh1 Rdg8 
19.g4 Rh8 20.Rf2 1/2-1/2

[Event "HCL-B107"]
[Site "www.playchess.de"]
[Date "2001.03.22"]
[Round "9"]
[White "costajr"]
[Black "Gruhni"]
[WhiteElo "1110"]
[BlackElo "1418"]
[PlyCount "33"]
[Result "1-0"]

1.e4 e5 2.Nf3 Nc6 3.Bc4 Bc5 4.b4 Bxb4 5.c3 Bc5 
6.d4 exd4 7.O-O dxc3 8.Bxf7+ Kxf7 9.Qd5+ Ke8 
10.Qxc5 d6 11.Qxc3 Qf6 12.e5 dxe5 13.Re1 Bf5 
14.Nxe5 Nxe5 15.Rxe5+ Kd8 16.Qd4+ Bd7 
17.Bg5 1-0

[Event "HCL-C079"]
[Site "www.playchess.de"]
[Date "2001.03.22"]
[Round "6"]
[White "TAX"]
[Black "Marks"]
[WhiteElo "1000"]
[BlackElo "1100"]
[PlyCount "21"]
[Result "1-0"]

1.e4 e5 2.d3 d6 3.h4 Bd7 4.Nf3 Nc6 5.Nc3 Qb8 6.Bg5 
f6 7.Be3 Qd8 8.Be2 Qe7 9.Nd5 Qd8 10.Qd2 Be6 
11.d4 1-0

[Event "HCL-C079"]
[Site "www.playchess.de"]
[Date "2001.03.22"]
[Round "10"]
[White "Marks"]
[Black "Gleis3"]
[WhiteElo "1100"]
[BlackElo "1000"]
[PlyCount "30"]
[Result "0-1"]

1.e3 e5 2.d4 exd4 3.exd4 Nf6 4.Be2 d5 5.Nf3 Bd6 
6.O-O O-O 7.Bg5 Re8 8.Nc3 c6 9.Bd3 Bg4 10.Be2 Nbd7 
11.Qd2 Qb6 12.h3 Bh5 13.Bh6 gxh6 14.Qxh6 Qxb2 
15.Ng5 Bf8 0-1

[Event "HCL-A028"]
[Site "www.playchess.de"]
[Date "2001.03.22"]
[Round "1"]
[White "Nils"]
[Black "KingGeorge"]
[WhiteElo "2030"]
[BlackElo "1800"]
[PlyCount "58"]
[Result "0-1"]

1.e4 e6 2.d4 d5 3.e5 c5 4.c3 Nc6 5.Nf3 Bd7 6.Be2 
Rc8 7.O-O Nge7 8.Qb3 c4 9.Qd1 b5 10.b3 Na5 11.Bg5 
Qb6 12.b4 Nb7 13.Qd2 h6 14.Bf4 a5 15.a3 Nc6 16.Qe3 
g5 17.Bg3 Be7 18.h3 Kd8 19.Nbd2 Kc7 20.bxa5 Ncxa5 
21.Nh2 h5 22.f4 h4 23.Bf2 Rcg8 24.Ndf3 Nb3 25.Rab1 
gxf4 26.Qxf4 Nd8 27.Bd1 Bxa3 28.Bxb3 cxb3 29.Rxb3 
Be7 0-1

[Event "HCL-A028"]
[Site "www.playchess.de"]
[Date "2001.03.22"]
[Round "2"]
[White "DKCozy"]
[Black "Nils"]
[WhiteElo "1774"]
[BlackElo "2030"]
[PlyCount "32"]
[Result "1/2-1/2"]

1.f4 Nf6 2.Nf3 d5 3.e3 Bf5 4.b3 e6 5.Bb2 Bd6 6.Be2 
Nc6 7.O-O Bc5 8.Bb5 O-O 9.Bxc6 bxc6 10.Ne5 Qe8 
11.d4 Bd6 12.Nd2 c5 13.Ndf3 cxd4 14.exd4 a5 15.c4 
dxc4 16.bxc4 Rb8 1/2-1/2

[Event "HCL-A028"]
[Site "www.playchess.de"]
[Date "2001.03.22"]
[Round "3"]
[White "KingGeorge"]
[Black "DKCozy"]
[WhiteElo "1800"]
[BlackElo "1774"]
[PlyCount "23"]
[Result "1-0"]

1.f4 e5 2.e4 d5 3.exd5 Qxd5 4.Nc3 Qc5 5.Nf3 Qb6 
6.fxe5 Bg4 7.Bc4 Bc5 8.Bxf7+ Kxf7 9.Ng5+ Ke8 
10.Qxg4 Bf2+ 11.Ke2 Ne7 12.Rf1 1-0

[Event "HCL-A028"]
[Site "www.playchess.de"]
[Date "2001.03.22"]
[Round "6"]
[White "DKCozy"]
[Black "kron"]
[WhiteElo "1774"]
[BlackElo "1900"]
[PlyCount "46"]
[Result "0-1"]

1.e4 e5 2.f4 d5 3.exd5 c6 4.d3 Qxd5 5.Nc3 Qa5 
6.Nf3 exf4 7.Bxf4 Bb4 8.Bd2 Qc7 9.a3 Bd6 10.Ne4 
Bf4 11.Bc3 f5 12.Nc5 Qe7+ 13.Qe2 Qxe2+ 14.Bxe2 Nf6 
15.O-O Be3+ 16.Kh1 Bxc5 17.b4 Bd6 18.Rae1 O-O 
19.Nd4 Nd5 20.Bd2 Be5 21.Nf3 Bb2 22.c4 Nc3 23.Bc1 
Bxc1 0-1

[Event "HCL-A028"]
[Site "www.playchess.de"]
[Date "2001.03.22"]
[Round "9"]
[White "Broda"]
[Black "DKCozy"]
[WhiteElo "1892"]
[BlackElo "1774"]
[PlyCount "53"]
[Result "1/2-1/2"]

1.e4 d6 2.Bc4 Nc6 3.c3 Nf6 4.d3 e5 5.Nf3 Be7 6.O-O 
O-O 7.Nbd2 a6 8.a4 d5 9.exd5 Nxd5 10.Ne4 f5 11.Ng3 
Kh8 12.Re1 Bf6 13.a5 b5 14.axb6 e.p 15.cxb6 Qc2 
16.Bb7 b4 17.e4 Bxd5 18.exf3 Bxf3 19.Nxb4 Qb1 
20.Bxf3 Qxb4 21.Bb7 d4 22.Qd5 f3 23.b5 Bf4 24.Rfe8 
Qd6 25.Qxd6 Bxd6 26.g6 Kf2 27.Kg8 1/2-1/2

[Event "HCL-A028"]
[Site "www.playchess.de"]
[Date "2001.03.22"]
[Round "10"]
[White "kron"]
[Black "Broda"]
[WhiteElo "1900"]
[BlackElo "1892"]
[PlyCount "23"]
[Result "1-0"]

1.e4 e5 2.Bc4 Nc6 3.Nf3 Nf6 4.Ng5 Bc5 5.Bxf7+ Ke7 
6.Bd5 Rf8 7.Nf3 d6 8.c3 Bg4 9.d4 exd4 10.Bxc6 bxc6 
11.cxd4 Bxf3 12.gxf3 1-0

[Event "HCL-A028"]
[Site "www.playchess.de"]
[Date "2001.03.22"]
[Round "11"]
[White "Nils"]
[Black "GoodKnight"]
[WhiteElo "2030"]
[BlackElo "1700"]
[PlyCount "42"]
[Result "0-1"]

1.e4 c5 2.Nf3 d6 3.d4 cxd4 4.Nxd4 Nf6 5.Nc3 g6 
6.Bb5+ Bd7 7.Bg5 Bg7 8.Bxf6 Bxf6 9.Bxd7+ Nxd7 
10.O-O Rc8 11.Nd5 Bg7 12.Re1 O-O 13.c3 e6 14.Ne3 
a6 15.Qg4 Ne5 16.Qg3 Nd3 17.Re2 Nc5 18.Qf3 Qh4 
19.Nc4 Nd7 20.Nxd6 Rc7 21.Qe3 Qe7 0-1

[Event "HCL-A028"]
[Site "www.playchess.de"]
[Date "2001.03.22"]
[Round "12"]
[White "GoodKnight"]
[Black "KingGeorge"]
[WhiteElo "1700"]
[BlackElo "1800"]
[PlyCount "39"]
[Result "1-0"]

1.e4 e6 2.d4 d5 3.Nc3 Bb4 4.e5 Ne7 5.a3 Bxc3+ 
6.bxc3 c5 7.Qg4 Nf5 8.Nf3 h5 9.Qf4 Qa5 10.Bd2 Qa4 
11.Bd3 Nc6 12.dxc5 Qxf4 13.Bxf4 Bd7 14.Rb1 Rc8 
15.Rxb7 a5 16.Bb5 Nfe7 17.Nd4 Ng6 18.g3 Ncxe5 
19.Bxe5 Nxe5 20.c6 1-0

[Event "HCL-A028"]
[Site "www.playchess.de"]
[Date "2001.03.22"]
[Round "13"]
[White "DKCozy"]
[Black "GoodKnight"]
[WhiteElo "1774"]
[BlackElo "1700"]
[PlyCount "60"]
[Result "0-1"]

1.e4 c5 2.Nf3 d6 3.d4 cxd4 4.Nxd4 Nf6 5.Nc3 g6 
6.Bc4 Bg7 7.O-O O-O 8.f4 Qb6 9.Kh1 Nxe4 10.Nxe4 
Bxd4 11.c3 Bg7 12.Qe2 Nc6 13.Be3 Qc7 14.Rad1 Rd8 
15.Rfe1 e6 16.Ng5 b6 17.Rd2 Ne7 18.Bf2 d5 19.Bb3 
Qxf4 20.Nh3 Qd6 21.Bg3 Qc6 22.Be5 f6 23.Bg3 e5 
24.Nf2 a5 25.a3 a4 26.Ba2 Bh6 27.Rdd1 Nf5 28.Ne4 
Kg7 29.Bf2 Ba6 30.Qd2 Bxd2 0-1

[Event "HCL-A028"]
[Site "www.playchess.de"]
[Date "2001.03.22"]
[Round "16"]
[White "cabe"]
[Black "Nils"]
[WhiteElo "1598"]
[BlackElo "2030"]
[PlyCount "47"]
[Result "1-0"]

1.d4 Nf6 2.c4 e6 3.Nc3 d5 4.Nf3 Be7 5.Bf4 O-O 6.e3 
Nbd7 7.Bd3 dxc4 8.Bxc4 Nb6 9.Bd3 Nbd5 10.Nxd5 Nxd5 
11.O-O Nxf4 12.exf4 Qd6 13.Qc2 g6 14.Rfc1 c6 15.g3 
Rd8 16.Rcd1 Bf6 17.Bc4 a5 18.Qb3 b5 19.Be2 a4 
20.Qc3 b4 21.Qe1 a3 22.Rab1 b3 23.axb3 a2 
24.Rbc1 1-0

[Event "HCL-A028"]
[Site "www.playchess.de"]
[Date "2001.03.22"]
[Round "18"]
[White "cabe"]
[Black "DKCozy"]
[WhiteElo "1598"]
[BlackElo "1774"]
[PlyCount "50"]
[Result "0-1"]

1.d4 d5 2.c4 e5 3.dxe5 d4 4.Nf3 Nc6 5.a3 Bg4 
6.Nbd2 Qd7 7.b3 Nge7 8.h3 Bh5 9.g4 Bg6 10.Bb2 
O-O-O 11.Bg2 f6 12.exf6 gxf6 13.O-O h5 14.gxh5 
Rxh5 15.b4 Nf5 16.Qa4 Nh4 17.Nxh4 Rxh4 18.b5 Nb8 
19.Qxa7 c6 20.Nf3 Rxh3 21.Bxh3 Qxh3 22.Bxd4 Be4 
23.bxc6 Bxc6 24.Bxf6 Bd6 25.Bxd8 
Bxf3 0-1

[Event "HCL-A028"]
[Site "www.playchess.de"]
[Date "2001.03.22"]
[Round "20"]
[White "cabe"]
[Black "Broda"]
[WhiteElo "1598"]
[BlackElo "1892"]
[PlyCount "29"]
[Result "1-0"]

1.d4 Nf6 2.c4 g6 3.Nc3 Bg7 4.e4 d6 5.f3 O-O 6.Be3 
e5 7.d5 h6 8.Bd3 Kh7 9.Nge2 Nbd7 10.O-O Ne8 11.Na4 
f5 12.exf5 gxf5 13.Ng3 Nb6 14.Nxb6 axb6 
15.Nh5 1-0

[Event "HCL-A028"]
[Site "www.playchess.de"]
[Date "2001.03.22"]
[Round "22"]
[White "Nils"]
[Black "Sd_68"]
[WhiteElo "2030"]
[BlackElo "1741"]
[PlyCount "34"]
[Result "0-1"]

1.e4 d6 2.d4 Nf6 3.Nc3 g6 4.Nf3 Bg7 5.Be2 O-O 
6.Bf4 c5 7.dxc5 Qa5 8.O-O Qxc5 9.Be3 Qb4 10.a3 Qa5 
11.Qd3 Qd8 12.Rad1 b6 13.e5 Ba6 14.Qd2 Ng4 15.Bf4 
Bxe2 16.Qxe2 Qc8 17.exd6 e6 0-1

[Event "HCL-A028"]
[Site "www.playchess.de"]
[Date "2001.03.22"]
[Round "28"]
[White "cabe"]
[Black "Sd_68"]
[WhiteElo "1598"]
[BlackElo "1741"]
[PlyCount "47"]
[Result "1-0"]

1.d4 g6 2.c4 Bg7 3.Nc3 Nf6 4.e4 d6 5.f3 O-O 6.Bd3 
e5 7.Nge2 Nc6 8.Be3 exd4 9.Nxd4 Nxd4 10.Bxd4 c5 
11.Be3 Be6 12.O-O Qb6 13.Qe2 Nd7 14.f4 Nf6 15.f5 
Bd7 16.Bg5 Rae8 17.Qc2 Ng4 18.f6 Re5 19.fxg7 Rxg5 
20.Nd5 Qd8 21.gxf8Q+ Qxf8 22.Qc3 Ne5 23.Nf6+ Kh8 
24.Nxd7 1-0

[Event "HCL-A028"]
[Site "www.playchess.de"]
[Date "2001.03.22"]
[Round "29"]
[White "Aussie_3340"]
[Black "Nils"]
[WhiteElo "1767"]
[BlackElo "2030"]
[PlyCount "45"]
[Result "1-0"]

1.e4 e5 2.Nf3 Nc6 3.Bb5 a6 4.Ba4 b5 5.Bb3 Bb7 
6.O-O Nf6 7.Re1 Bd6 8.d3 O-O 9.Be3 Ng4 10.Ng5 Nf6 
11.Nd2 h6 12.Nxf7 Rxf7 13.Bxf7+ Kxf7 14.a4 Kg8 
15.axb5 axb5 16.Rxa8 Qxa8 17.c3 Qa2 18.b4 Be7 
19.Qb3+ Qxb3 20.Nxb3 Ng4 21.Bd2 Kf7 22.Ra1 Ke6 
23.Na5 1-0

[Event "HCL-A028"]
[Site "www.playchess.de"]
[Date "2001.03.22"]
[Round "31"]
[White "Aussie_3340"]
[Black "DKCozy"]
[WhiteElo "1767"]
[BlackElo "1774"]
[PlyCount "49"]
[Result "1-0"]

1.e4 e6 2.d4 b6 3.Nd2 Bb7 4.Ngf3 c5 5.c3 Ne7 6.Bb5 
a6 7.Ba4 b5 8.Bc2 d5 9.dxc5 dxe4 10.Nxe4 Qxd1+ 
11.Kxd1 Nd5 12.Re1 Be7 13.Nd6+ Bxd6 14.cxd6 Nd7 
15.a4 O-O 16.axb5 axb5 17.Rxa8 Rxa8 18.Nd4 Rb8 
19.Nxb5 Bc6 20.Nd4 Rc8 21.f3 e5 22.Nf5 g6 23.c4 
gxf5 24.cxd5 Bxd5 25.Bxf5 1-0

[Event "HCL-A028"]
[Site "www.playchess.de"]
[Date "2001.03.22"]
[Round "33"]
[White "Aussie_3340"]
[Black "Broda"]
[WhiteElo "1767"]
[BlackElo "1892"]
[PlyCount "27"]
[Result "1-0"]

1.e4 e5 2.Nf3 Nf6 3.Nxe5 d6 4.Nf3 Nxe4 5.d4 d5 
6.Bd3 Nf6 7.O-O Be7 8.Re1 O-O 9.c3 c6 10.Bg5 Bg4 
11.h3 Bh5 12.Nbd2 Nbd7 13.Qb3 Qc7 
14.Rxe7 1-0

[Event "HCL-A028"]
[Site "www.playchess.de"]
[Date "2001.03.22"]
[Round "35"]
[White "Aussie_3340"]
[Black "cabe"]
[WhiteElo "1767"]
[BlackElo "1598"]
[PlyCount "51"]
[Result "1-0"]

1.e4 e5 2.Nf3 Nf6 3.Nxe5 d6 4.Nf3 Nxe4 5.d4 d5 
6.Bd3 Bd6 7.O-O O-O 8.c4 c6 9.Re1 Bb4 10.Re3 Re8 
11.Nbd2 Nf6 12.Rxe8+ Qxe8 13.Qc2 Be6 14.b3 dxc4 
15.bxc4 Nbd7 16.Rb1 Qe7 17.a3 Bxd2 18.Bxd2 Qxa3 
19.d5 Bg4 20.Ng5 g6 21.h3 Nc5 22.Bc3 Nxd3 23.Qxd3 
Bf5 24.Qd4 Bxb1 25.Qxf6 Qc1+ 26.Kh2 1-0

[Event "HCL-A034"]
[Site "www.playchess.de"]
[Date "2001.03.23"]
[Round "4"]
[White "Brrrr"]
[Black "maze"]
[WhiteElo "1616"]
[BlackElo "1915"]
[PlyCount "89"]
[Result "1-0"]

1.d4 Nf6 2.c4 e6 3.Nf3 b6 4.g3 Bb7 5.Bg2 Be7 6.O-O 
O-O 7.Nc3 Ne4 8.Qc2 Nxc3 9.Qxc3 f5 10.Rd1 Bf6 
11.Bf4 d6 12.Qe3 Qe7 13.Rac1 Nd7 14.Bg5 a5 15.Bxf6 
Nxf6 16.h3 Rae8 17.c5 Be4 18.cxd6 cxd6 19.Qg5 Bd5 
20.b3 Qd7 21.Qf4 Rec8 22.Qe3 b5 23.a3 b4 24.axb4 
axb4 25.Ng5 Rfe8 26.Rde1 Bxg2 27.Kxg2 Nd5 28.Qd3 
h6 29.Nf3 Rc3 30.Rxc3 bxc3 31.e4 fxe4 32.Qxe4 Rb8 
33.Rb1 Qf7 34.Ne1 Ra8 35.Nc2 Ra2 36.Ra1 Rxa1 
37.Nxa1 Nb4 38.Nc2 Nxc2 39.Qxc2 Qb7+ 40.Kf1 Qb4 
41.Ke2 Qxd4 42.Qd3 Qb4 43.Qc2 d5 44.Kd3 d4 
45.f4 1-0

[Event "HCL-A052"]
[Site "www.playchess.de"]
[Date "2001.03.23"]
[Round "9"]
[White "Mathemagician"]
[Black "Tiuri"]
[WhiteElo "1551"]
[BlackElo "1600"]
[PlyCount "39"]
[Result "1-0"]

1.e4 e6 2.d4 d5 3.Nc3 Nf6 4.e5 Nfd7 5.Nf3 c5 6.Bb5 
Nc6 7.O-O cxd4 8.Ne2 Be7 9.Nexd4 Qc7 10.Bf4 Nxd4 
11.Nxd4 a6 12.Bxd7+ Bxd7 13.Qg4 g5 14.Be3 Qxe5 
15.Nc6 Qg7 16.Nxe7 Kxe7 17.Qb4+ Ke8 18.Qxb7 Rc8 
19.c3 a5 20.Rfe1 1-0

[Event "HCL-A061"]
[Site "www.playchess.de"]
[Date "2001.03.23"]
[Round "20"]
[White "klypp"]
[Black "Jessica"]
[WhiteElo "2112"]
[BlackElo "1700"]
[PlyCount "53"]
[Result "1-0"]

1.e4 c6 2.d4 d5 3.Nc3 dxe4 4.Nxe4 Bf5 5.Ng5 f6 
6.N5f3 e6 7.Bc4 Qd6 8.Ne2 Nd7 9.c3 Nb6 10.Bb3 Qd7 
11.O-O Bd6 12.Bf4 Ne7 13.Bxd6 Qxd6 14.Ng3 Bg4 
15.h3 Bxh3 16.gxh3 Ned5 17.Re1 g6 18.c4 Nxc4 
19.Bxc4 O-O 20.Ne4 Qb4 21.Qb3 Qxb3 22.Bxb3 Nf4 
23.Kh2 Kh8 24.Nc5 Rfb8 25.Nxe6 Nd3 26.Re3 Nxf2 
27.Nc7 1-0

[Event "HCL-B090"]
[Site "www.playchess.de"]
[Date "2001.03.23"]
[Round "4"]
[White "Torenvalk"]
[Black "jorgenio"]
[WhiteElo "1500"]
[BlackElo "1500"]
[PlyCount "69"]
[Result "1-0"]

1.e4 c5 2.Nf3 Nc6 3.Nc3 e5 4.g3 g6 5.d3 Bg7 6.Bg2 
d6 7.O-O Nce7 8.Re1 Nf6 9.h3 O-O 10.Be3 Be6 11.Qd2 
Re8 12.Ng5 a6 13.Nxe6 fxe6 14.f4 exf4 15.gxf4 Nh5 
16.Bf3 Nf6 17.Re2 Nd7 18.Bg4 Nc6 19.Rg2 Nd4 20.Nd1 
Qh4 21.c3 {welcome back.}  Nc6 22.f5 exf5 23.Bg5 
Bh6 24.Bxh4 {Great game .}  Bxd2 25.exf5 Be1 
26.Nf2 Nf8 27.Bf6 Bxf2+ 28.Rxf2 Re3 29.fxg6 Nxg6 
30.Rf3 Rae8 31.Raf1 Rxf3 32.Bxf3 Nge7 33.Bg4 {Draw 
?}  Ne5 34.Be6+ {Great game !}  Nf7 
35.Bg5 1-0

[Event "HCL-B135"]
[Site "www.playchess.de"]
[Date "2001.03.23"]
[Round "9"]
[White "Tony"]
[Black "Romulus73"]
[WhiteElo "1500"]
[BlackElo "1835"]
[PlyCount "57"]
[Result "1-0"]

1.d4 Nf6 2.Nf3 e6 3.e3 b6 4.Bd3 Bb7 5.Nbd2 c5 
6.O-O d5 7.c3 cxd4 8.exd4 Nc6 9.Re1 Bd6 10.Nf1 Qc7 
11.Ng3 O-O-O 12.Qe2 h6 13.Ba6 g5 14.Bxb7+ Kxb7 
15.Be3 Ne4 16.c4 Nxg3 17.hxg3 dxc4 18.Rec1 b5 
19.a4 b4 20.Rxc4 Rdc8 21.Rac1 {I would like to 
wait for some move before accepting the draw. Have 
nice day!!}  Qa5 22.Ne5 Bxe5 23.dxe5 Qxe5 24.Qf3 
Qd6 25.a5 a6 26.Rd4 Qe7 27.Rc5 g4 28.Rxb4+ Ka8 
29.Rxc6 1-0

[Event "HCL-C031"]
[Site "www.playchess.de"]
[Date "2001.03.23"]
[Round "15"]
[White "Galagus"]
[Black "Speedy"]
[WhiteElo "1000"]
[BlackElo "1000"]
[PlyCount "137"]
[Result "1-0"]

1.e4 e5 2.Nf3 d6 3.d4 f6 4.dxe5 fxe5 5.Bc4 Nh6 
6.Ng5 Qe7 7.Nc3 c6 8.h3 Na6 9.O-O Nc5 10.Nf3 Be6 
11.Bg5 Qd7 12.Bxe6 Qxe6 13.b4 Na6 14.a3 Qg6 15.Qd3 
Be7 16.Bxe7 Kxe7 17.Ne2 Rhf8 18.Ng3 Rad8 19.Nh4 
Qg5 20.Nhf5+ Ke6 21.f4 exf4 22.Nd4+ Kd7 23.Ngf5 
Nxf5 24.Nxf5 Kc7 25.Rf3 d5 26.Nd4 Qe5 27.Re1 Rfe8 
28.Nxc6 Kxc6 29.b5+ Kc7 30.bxa6 bxa6 31.Qxa6 Qd4+ 
32.Kh2 dxe4 33.Qa5+ Kb8 34.Rb3+ Ka8 35.Qc7 Qd5 
36.Rd1 Rd7 37.Qxd7 Qxd7 38.Rxd7 e3 39.Rd1 g5 40.c4 
h5 41.Rb5 g4 42.Rxh5 f3 43.gxf3 gxf3 44.Rf5 f2 
45.Rf1 e2 46.R5xf2 exf1Q {%}  47.Rxf1 Re2+ 48.Kg3 
Kb7 49.h4 Re3+ 50.Rf3 Re4 51.Rf4 Re3+ 52.Rf3 Re4 
53.Rf4 {endlessly?}  Re3+ 54.Kg4 Rxa3 55.h5 Rd3 
56.Kg5 Rd7 57.h6 Rh7 58.Kg6 Rh8 59.h7 Kc6 60.Rf5 
Kb6 61.Kg7 Rxh7+ 62.Kxh7 a5 63.Kg6 a4 64.Rb5+ Ka6 
65.Rb8 a3 66.Ra8+ Kb6 67.Rxa3 Kc5 68.Rc3 Kb4 
69.Rc1 1-0

[Event "HCL-C110"]
[Site "www.playchess.de"]
[Date "2001.03.23"]
[Round "4"]
[White "hun"]
[Black "inna"]
[WhiteElo "1802"]
[BlackElo "800"]
[PlyCount "66"]
[Result "0-1"]

1.Nc3 e5 2.e4 Nf6 3.Nf3 Nc6 4.Bc4 Nxe4 5.Nxe4 d5 
6.Bb5 dxe4 7.Nxe5 Qg5 8.Nxc6 Qxb5 9.Nd4 Qd5 10.Ne2 
Bg4 11.h3 Bh5 12.g4 Bg6 13.Nf4 Qc6 14.O-O O-O-O 
15.d3 exd3 16.cxd3 Be7 17.Be3 Kb8 18.Rc1 Qa6 
19.Qb3 {Hi, Inna!    :)}  f5 20.Qc3 Rd7 21.Qxg7 
Rhd8 22.Nxg6 hxg6 23.Qc3 fxg4 24.Bf4 Bd6 25.Bg5 
gxh3 26.Bxd8 Rxd8 27.Qb3 Qa5 28.f4 Bxf4 29.Rc2 
{:-)}  Qe5 30.Kh1 g5 31.Rc6 Qe2 {sorry.........}  
32.Qxb7+ Kxb7 {:)}  33.Rcc1 {Gratuliere,Inna!  :)} 
 Qg2+ 0-1

[Event "HCL-C112"]
[Site "www.playchess.de"]
[Date "2001.03.23"]
[Round "32"]
[White "locko"]
[Black "Michael_Schenk"]
[WhiteElo "725"]
[BlackElo "1101"]
[PlyCount "62"]
[Result "0-1"]

1.g3 e5 2.e4 Nf6 3.d3 Nc6 4.c3 Bc5 5.b4 Bb6 6.a4 
a5 7.b5 Ne7 8.Nf3 d6 9.c4 c6 10.Nc3 O-O 11.h3 h6 
12.h4 Bg4 13.Be2 d5 14.Nd2 Be6 15.g4 Bd4 16.Bb2 
Qb6 17.O-O Rfc8 18.Rc1 Rc7 19.g5 hxg5 20.hxg5 Nh7 
21.Nf3 Bh3 22.Re1 Bxf2+ 23.Kh2 Bxe1 24.Qxe1 Be6 
25.Nxe5 Nxg5 26.Qg1 Qxg1+ 27.Rxg1 f6 28.Nd1 dxe4 
29.b6 Rcc8 30.Ng4 exd3 31.Bf3 Nxf3+ {Welcome back. 
I´ve missed you ;-)}  0-1

[Event "HCL-C136"]
[Site "www.playchess.de"]
[Date "2001.03.23"]
[Round "5"]
[White "Hanbei"]
[Black "Grisu"]
[WhiteElo "988"]
[BlackElo "754"]
[PlyCount "43"]
[Result "1-0"]

1.Nc3 e5 2.Nf3 Nc6 3.d4 exd4 4.Nxd4 d5 5.Nxc6 bxc6 
6.e3 Nf6 7.Bd3 g5 8.O-O Rb8 9.b3 Bd6 10.e4 Ng4 
11.h3 Nh2 12.Re1 O-O 13.exd5 cxd5 14.Nxd5 Re8 
15.Rxe8+ Qxe8 16.Nf6+ Kf8 17.Nxe8 {Thanks}  Kxe8 
{Sorry, bin was langsam zur Zeit. Schreibe 
naechste Woche Klausuren...}  18.Qe2+ Kf8 19.g3 
Nf3+ 20.Qxf3 {Ernsthaft; sieht nicht ganz so 
prickelnd aus...}  Bb7 21.Qf5 h6 
22.Bc4 1-0

[Event "HCL-E016"]
[Site "www.playchess.de"]
[Date "2001.03.23"]
[Round "24"]
[White "Robby"]
[Black "Exchange_with_Tempo"]
[WhiteElo "2000"]
[BlackElo "2227"]
[PlyCount "46"]
[Result "1/2-1/2"]

1.f4 d5 2.Nf3 Nf6 3.g3 g6 4.Bg2 Bg7 5.O-O O-O 6.d3 
c5 7.Nc3 d4 8.Ne4 Nxe4 9.dxe4 Nc6 10.e3 e5 11.f5 
b6 12.exd4 exd4 13.f6 Qxf6 14.e5 Qe7 15.Bg5 Qe6 
16.Bf4 h6 17.Qd2 Ba6 18.Rf2 g5 19.Bxg5 hxg5 
20.Nxg5 Qh6 21.e6 f6 22.Bxc6 fxg5 23.Bxa8 
Rxa8 1/2-1/2

[Event "HCL-E016"]
[Site "www.playchess.de"]
[Date "2001.03.23"]
[Round "26"]
[White "edwardchess"]
[Black "Exchange_with_Tempo"]
[WhiteElo "1947"]
[BlackElo "2227"]
[PlyCount "35"]
[Result "1/2-1/2"]

1.d4 d5 2.e3 Nf6 3.Bd3 Bg4 4.f3 Bh5 5.Nh3 Nbd7 
6.c4 dxc4 7.Bxc4 e5 8.O-O Bd6 9.Qb3 Nb6 10.dxe5 
Bxe5 11.g4 Bg6 12.Rd1 Nfd7 13.f4 Bd6 14.Bb5 f6 
15.Qe6+ Qe7 16.Qxe7+ Bxe7 17.Bxd7+ Nxd7 
18.b3 1/2-1/2

[Event "HCL-M009"]
[Site "www.playchess.de"]
[Date "2001.03.23"]
[Round "9"]
[White "Exchange_with_Tempo"]
[Black "Bronislaw"]
[WhiteElo "2227"]
[BlackElo "2317"]
[PlyCount "35"]
[Result "1/2-1/2"]

1.d4 g6 2.Nf3 Bg7 3.Bf4 d6 4.e3 Nd7 5.Nbd2 e5 
6.dxe5 dxe5 7.Bg3 Ne7 8.Nc4 f6 9.Qd3 b5 10.Na5 Rb8 
11.a4 bxa4 12.Qc3 Nd5 13.Qd2 Ne7 14.Nc4 O-O 
15.Rxa4 a6 16.Ra5 Nf5 17.e4 Nxg3 
18.hxg3 1/2-1/2

[Event "ACL-A066"]
[Site "www.playchess.de"]
[Date "2001.03.23"]
[Round "2"]
[White "fadda"]
[Black "Goofy"]
[WhiteElo "1229"]
[BlackElo "1740"]
[PlyCount "54"]
[Result "0-1"]

1.e4 c5 2.Nc3 Nc6 3.Nf3 g6 4.d4 cxd4 5.Nxd4 Bg7 
6.Be3 d6 7.g3 Nf6 8.Bg2 Ng4 9.Nxc6 bxc6 10.Bf4 Qb6 
11.Qd2 Qxb2 12.O-O Qxc3 13.Qxc3 Bxc3 14.Rad1 Ba6 
15.e5 d5 16.f3 Bxf1 17.Bxf1 Nxe5 18.Be2 Rb8 19.h4 
a5 20.Kf2 Rb2 21.Rd2 O-O 22.Rd1 Rxc2 23.Kf1 Rb8 
24.a4 Rbb2 25.Rc1 Rcxe2 26.Rxc3 Ref2+ 27.Ke1 
Nxf3+ 0-1